000 00954nam a22002897a 4500
001 9659
003 FISKH
005 20260128104801.0
008 260128b cb ||||| |||| 00| 0 eng d
020 _a0439179726
040 _aFISKH
_beng
_cFISKH
_dFISKH
050 _aPZ7 .H38586 .V
082 _a823.914
100 _aHendry, Diana
_eAuthor
245 _aThe very noisy night /
_cby Diana Hendry ; illustrated by Jane Chapman
260 _aNew York :
_bScholastic Inc. ,
_c1999
300 _a28 unnumbered pages :
_bcolor illustrations ;
_c23 x 27 cm
505 _aN
520 _aDisturbed by the many peculiar sounds he hears while trying to get to sleep, Little Mouse repeatedly asks to get into bed with Big Mouse.
521 8 _a560
_bLexile AD
521 8 _aN
_bRaz-plus
650 _aAnimals
_vBedtime
650 _aChildren's book
_vEmotions
700 _aChapman, Jane
_eIllustrator
942 _2ddc
_cBK
_n0
999 _c9659
_d9659